A report exploring continuing professional development in construction (Record no. 113566)

MARC details
000 -LEADER
fixed length control field 00952cad a22001935a 4500
001 - CONTROL NUMBER
control field L155427
008 - FIXED-LENGTH DATA ELEMENTS--GENERAL INFORMATION
fixed length control field 120321s2012 xxk f 000 0 eng d
035 ## - SYSTEM CONTROL NUMBER
System control number (Sirsi) u155427
041 0# - LANGUAGE CODE
Language code of text/sound track or separate title eng
110 2# - MAIN ENTRY--CORPORATE NAME
Corporate name or jurisdiction name as entry element Chartered Institute of Building
9 (RLIN) 2134
245 02 - TITLE STATEMENT
Title A report exploring continuing professional development in construction
Medium [electronic resource]
260 ## - PUBLICATION, DISTRIBUTION, ETC.
Place of publication, distribution, etc. Ascot
Name of publisher, distributor, etc. CIOB
Date of publication, distribution, etc. 2012
520 ## - SUMMARY, ETC.
Summary, etc. Key findings indicate that 89% of construction professionals view CPD as important, very important or essential to their employment and the perceived key benefits of CPD include improved knowledge (66%), greater personal effectiveness (54%), and better job performance (46%).
590 ## - LOCAL NOTE (RLIN)
Local note KA NTK
651 #4 - SUBJECT ADDED ENTRY--GEOGRAPHIC NAME
Geographic name International
690 ## - LOCAL SUBJECT ADDED ENTRY--TOPICAL TERM (OCLC, RLIN)
Topical term or geographic name as entry element Construction management
9 (RLIN) 6230
856 40 - ELECTRONIC LOCATION AND ACCESS
Uniform Resource Identifier <a href="https://www.ciob.org.uk/sites/ciob.org.uk/files/CIOB%20CPD%20in%20Construction_0.pdf">https://www.ciob.org.uk/sites/ciob.org.uk/files/CIOB%20CPD%20in%20Construction_0.pdf</a>
Public note View the report free of charge (PDF file) at www.ciob.org.uk
942 ## - ADDED ENTRY ELEMENTS (KOHA)
Suppress in OPAC 0
Holdings
Withdrawn status Lost status Source of classification or shelving scheme Damaged status Not for loan Home library Current library Shelving location Date acquired Total Checkouts Full call number Barcode Date last seen Copy number Price effective from Koha item type
    Dewey Decimal Classification     Virtual Virtual Online 21/03/2012   ONLINE PUBLICATION 155427-2001 06/08/2019 1 06/08/2019 Book